000 00290nmm a2200097Ia 4500
008 220120s9999||||xx |||||||||||||||||und||
020 _a81-7808-333-7
100 _aCallister, William, D
_9432
245 0 _aCallister`s material scinece and engineering
260 _aTata mcgraw hill
_bDelhi
_c2010
999 _c139502
_d139502